Southville International School and Colleges
Your cart is empty.
  • Cart
  • Lists
    Public lists Eva Luna New books Lux_list list_1
    Your lists Log in to create your own lists
  • Log in to your account
  • Your cookies
  • Search history
Southville International School and Colleges
  • Advanced search
  • Recent comments
  • Most popular
  • Libraries

Log in to your account

Log in with GOOGLE


If you do not have an external account, but do have a local account, you can still log in:

  1. Home
  2. MARC view: Why mosquitoes buzz in people's ears :
Normal view MARC view ISBD view

Why mosquitoes buzz in people's ears : (Record no. 298972)

[ view plain ]
MARC details
000 -LEADER
fixed length control field 00887nam a2200301Ia 4500
008 - FIXED-LENGTH DATA ELEMENTS--GENERAL INFORMATION
fixed length control field 160803s9999 xx 000 0 und d
020 ## - INTERNATIONAL STANDARD BOOK NUMBER
International Standard Book Number 9780590102940
100 ## - MAIN ENTRY--PERSONAL NAME
Personal name Aardema, Verna
245 ## - TITLE STATEMENT
Title Why mosquitoes buzz in people's ears :
245 ## - TITLE STATEMENT
Remainder of title a West African tale /
245 ## - TITLE STATEMENT
Statement of responsibility, etc retold by Verna Aardema ; pictures by Leo and Diane Dillon.
260 ## - PUBLICATION, DISTRIBUTION, ETC. (IMPRINT)
Place of publication, distribution, etc New York :
260 ## - PUBLICATION, DISTRIBUTION, ETC. (IMPRINT)
Name of publisher, distributor, etc Scholastic Inc.
260 ## - PUBLICATION, DISTRIBUTION, ETC. (IMPRINT)
Date of publication, distribution, etc 1975
300 ## - PHYSICAL DESCRIPTION
Extent [30] pages :
300 ## - PHYSICAL DESCRIPTION
Other physical details illustrations ;
300 ## - PHYSICAL DESCRIPTION
Dimensions 21 cm
440 ## - SERIES STATEMENT/ADDED ENTRY--TITLE
Title Ready-to-go classroom library.,
440 ## - SERIES STATEMENT/ADDED ENTRY--TITLE
Volume number/sequential designation Grade 2
650 ## - SUBJECT ADDED ENTRY--TOPICAL TERM
Topical term or geographic name as entry element Folklore -- Africa, West --
650 ## - SUBJECT ADDED ENTRY--TOPICAL TERM
Topical term or geographic name as entry element Folklore -- Africa, West.
650 ## - SUBJECT ADDED ENTRY--TOPICAL TERM
Topical term or geographic name as entry element Jungle animals -- Folklore --
650 ## - SUBJECT ADDED ENTRY--TOPICAL TERM
Topical term or geographic name as entry element Mosquitoes -- Folklore --
650 ## - SUBJECT ADDED ENTRY--TOPICAL TERM
General subdivision Juvenile literature.
650 ## - SUBJECT ADDED ENTRY--TOPICAL TERM
General subdivision Juvenile literature.
650 ## - SUBJECT ADDED ENTRY--TOPICAL TERM
General subdivision Juvenile literature.
700 ## - ADDED ENTRY--PERSONAL NAME
Personal name 770
Holdings
Withdrawn status Lost status Damaged status Home library Current library Shelving location Date acquired Total Checkouts Barcode Date last seen Price effective from Koha item type
      Stonyhurst Southville International School (Batangas) Stonyhurst Southville International School (Batangas) Lexiled 08/03/2016   SC-898 08/03/2016 08/03/2016 Books

Why mosquitoes buzz in people's ears :

APA

Aardema V., 770, .Why mosquitoes buzz in people's ears. New York: .

Chicago

Aardema Verna, 770, .Why mosquitoes buzz in people's ears. New York: .

Harvard

Aardema V., 770, .Why mosquitoes buzz in people's ears. New York: .

MLA

Aardema Verna, 770, .New York: . .

  • Place hold
  • Print
  • Cite
  • Add to your cart (remove)
  • Save record
    BIBTEX Dublin Core MARCXML MARC (non-Unicode/MARC-8) MARC (Unicode/UTF-8) MARC (Unicode/UTF-8, Standard) MODS (XML) RIS
  • More searches
    Search for this title in:
    Other Libraries (WorldCat) Other Databases (Google Scholar) Online Stores (Bookfinder.com) Open Library (openlibrary.org)

Exporting to Dublin Core...

SOUTHVILLE LIBRARY

Southville International School and Colleges Library

1281 Tropical Ave. Cor. Luxembourg St., BF Homes International, Las Pinas City

Tel. No. 8256374 / 252358 Loc. 117/146

Powered by Koha